French prose of the XVII century /

Bibliographic Details
Main Author: Warren, F. M. (Frederick Morris), 1859-1931
Format: Book
Language:English
French
Published: Boston : D.C. Heath & Co., 1907.
Series:Heath's modern language series.
Subjects:

MARC

Tag First Indicator Second Indicator Subfields
LEADER 00000cam a2200000 4500
001 in00000022866
005 20151007064155.0
008 800705s1907 mau 00010 eng d
035 |a (OCoLC)06484844 
035 |9 AAD9229AM 
040 |a TXA  |c TXA  |d UtOrBLW 
041 0 |a eng  |a fre 
049 |a TXAM  |c [31637] 
090 |a PC2117  |b .W3 1907 
092 |a 840.8  |b W28f 
100 1 |a Warren, F. M.  |q (Frederick Morris),  |d 1859-1931. 
245 1 0 |a French prose of the XVII century /  |c selected and ed. with an introduction and notes by F. M. Warren ... 
264 1 |a Boston :  |b D.C. Heath & Co.,  |c 1907. 
300 |a xvii pages, 1 ., 319 pages ;  |c 19 cm. 
336 |a text  |b txt  |2 rdacontent 
337 |a unmediated  |b n  |2 rdamedia 
338 |a volume  |b nc  |2 rdacarrier 
490 1 |a Heath's modern language series 
650 0 |a French language  |v Readers. 
650 0 |a French prose literature. 
830 0 |a Heath's modern language series. 
999 |a MARS 
999 f f |s 9d253075-5750-3f2d-8243-b2e21da63e64  |i 858e8104-bae4-37dc-84e9-dd2688a67e0e  |t 0 
952 f f |p ric  |a Texas A&M University  |b Rellis Campus  |c Joint Library Facility  |d Remote Storage  |t 0  |e PC2117 .W3 1907  |h Library of Congress classification  |i unmediated -- volume  |m A14801361888 
998 f f |a PC2117 .W3 1907  |t 0  |l Remote Storage